| 000 | 00527nam a2200169 a 4500 | ||
|---|---|---|---|
| 001 | 000041511 | ||
| 005 | 20201002034944.0 | ||
| 008 | 131009s1983 nyuac 000 0 spa d | ||
| 020 | _a0070198632 | ||
| 040 |
_aDO-SdBNP _bspa _cBNPHU |
||
| 100 | 1 |
_aWinter, Richard E. _968222 |
|
| 245 | 1 | 0 |
_aExecutive fitness / _cRichard E. Winter. |
| 260 |
_aNew York ; Montreal : _bMcGraw-Hill Book, _c1983. |
||
| 300 |
_aXiii,210 p. : _bil., retrs. ; _c24 cm. |
||
| 490 | 1 | _aExecutive health series. | |
| 830 | 0 |
_aExecutive health series. _968223 |
|
| 999 |
_c41001 _d41001 |
||